|
|
|
|
| LEADER |
02765nam a2200685 ia4500 |
| 001 |
nkc20172920547 |
| 003 |
CZ PrNK |
| 005 |
20180122100935.0 |
| 007 |
ta |
| 008 |
170807m20179999xr ac e 000 0acze |
| 015 |
|
|
|a cnb002920547
|z cnb002876294
|
| 020 |
|
|
|a 978-80-86930-84-8
|q (1. díl ;
|q brožováno)
|
| 020 |
|
|
|a 978-80-88215-01-1
|q (2. díl ;
|q brožováno) :
|c Kč 333,00
|
| 035 |
|
|
|a (OCoLC)1003286024
|
| 040 |
|
|
|a ABA001
|b cze
|e rda
|
| 043 |
|
|
|a e-xr---
|b e-xr-cc
|a e-gx---
|2 czenas
|
| 072 |
|
7 |
|a 656.62
|x Říční doprava
|2 Konspekt
|9 4
|
| 072 |
|
7 |
|a 929
|x Biografie
|2 Konspekt
|9 8
|
| 080 |
|
|
|a 929
|2 MRF
|
| 080 |
|
|
|a 656.61-051
|2 MRF
|
| 080 |
|
|
|a 656.62
|2 MRF
|
| 080 |
|
|
|a 656.614.3
|2 MRF
|
| 080 |
|
|
|a (430)
|2 MRF
|
| 080 |
|
|
|a (437.31-17)
|2 MRF
|
| 080 |
|
|
|a (0:82-94)
|2 MRF
|
| 100 |
1 |
|
|a Malý, Jan,
|d 1932-
|7 xx0211308
|4 aut
|
| 245 |
1 |
0 |
|a S kotvou na čepici /
|c Jan Malý
|
| 250 |
|
|
|a Vydání 1.
|
| 264 |
|
1 |
|a Praha :
|b Mare-Czech,
|c 2017-
|
| 300 |
|
|
|a ^^^svazků :
|b ilustrace (některé barevné), portréty ;
|c 22 cm
|
| 336 |
|
|
|a text
|b txt
|2 rdacontent
|
| 337 |
|
|
|a bez média
|b n
|2 rdamedia
|
| 338 |
|
|
|a svazek
|b nc
|2 rdacarrier
|
| 490 |
1 |
|
|a Lodě v české minulosti ;
|v 44, 49
|
| 500 |
|
|
|a Obálkový podnázev: šífácké historky kapitána Labské plavby
|
| 500 |
|
|
|a Terminologický slovník
|
| 505 |
1 |
|
|a 1. 2017. 189 stran -- 2. 2017. 215 stran
|
| 600 |
1 |
7 |
|a Malý, Jan,
|d 1932-
|7 xx0211308
|2 czenas
|
| 610 |
2 |
7 |
|a Československá plavba labsko-oderská
|7 ko2003196046
|2 czenas
|
| 648 |
|
7 |
|a 20.-21. století
|7 ch462155
|2 czenas
|
| 648 |
|
7 |
|a 20. století
|7 ch460558
|2 czenas
|
| 650 |
0 |
7 |
|a námořníci
|7 ph123418
|z Česko
|y 20.-21. století
|2 czenas
|
| 650 |
0 |
7 |
|a říční doprava
|7 ph128331
|z Česko
|y 20. století
|2 czenas
|
| 650 |
0 |
7 |
|a nákladní vodní doprava
|7 ph115495
|z Česko
|y 20. století
|2 czenas
|
| 650 |
0 |
9 |
|a sailors
|z Czechia
|y 20th-21st centuries
|2 eczenas
|
| 650 |
0 |
9 |
|a river transport
|z Czechia
|y 20th century
|2 eczenas
|
| 650 |
0 |
9 |
|a freight water transport
|z Czechia
|y 20th century
|2 eczenas
|
| 651 |
|
7 |
|a Labe (Česko a Německo : řeka)
|7 ge134309
|2 czenas
|
| 651 |
|
9 |
|a Elbe River (Czechia and Germany)
|2 eczenas
|
| 655 |
|
7 |
|a autobiografické vzpomínky
|7 fd131854
|2 czenas
|
| 655 |
|
9 |
|a autobiographical reminiscences
|2 eczenas
|
| 830 |
|
0 |
|a Lodě v české minulosti (Mare-Czech)
|0 s
|
| 910 |
2 |
|
|a BOA001
|b 2-1393.103
|s 1-2
|
| 920 |
|
|
|a KN3148000001040444
|z ULG001
|
| 920 |
|
|
|a nkc20172876294
|
| 990 |
|
|
|a BK
|
| 995 |
|
|
|a 01
|
| 991 |
|
|
|b 201711
|c NOV
|
| 996 |
6 |
|
|b 2610715804
|c 2-1393.103
|d 1. díl
|v 1
|l MZK
|r Sklad / do 1 hodiny
|n 0
|p p.v.
|w 001625513
|u 000010
|a 1
|e BOA001
|j MZK50
|s P
|
| 996 |
6 |
|
|b 2610724189
|c 2-1393.103
|d 2. díl
|v 2
|l MZK
|r Sklad / do 1 hodiny
|n 0
|p p.v.
|w 001625513
|u 000020
|a 1
|e BOA001
|j MZK50
|s P
|